000 00493nam a2200181Ia 4500
005 20250326125456.0
008 250326s9999 xx 000 0 und d
037 _aTextbook
040 _aFMSL
_beng
_cFMSL
041 _aeng
_2eng
084 _aY:4(X)>73 K9
_qFMSL
100 _aWeisberger B A
_9739166
245 0 _aNew industrial society
_cWeisberger B A
260 _aNY
_bNY, John Wiley
_c1969
300 _a162p
942 _cTB
_hY:4(X)>73 K9
999 _c1278226
_d1278226